000 00465nam a2200181Ia 4500
001 43337
008 140425s9999 xx 000 0 und d
020 _aNA
040 _cPK-LaUMT
082 _aRHC 891.4398
_bWAH-U
100 _aWaheed Quraishi
245 _aUrdu nasar kay mailaanaat (Urdu)
_cWaheed Quraishi
260 _aLahore,Pakistan:
_bMaktbah-e-Aaliya,
_c1986
300 _a160 p.
546 _aUR
650 _aPakistani literature-Urdu
942 _cBK
999 _c41347
_d41347